| 000 | 00605nam a2200181 a 4500 | ||
|---|---|---|---|
| 001 | 000032807 | ||
| 003 | DO-SdBNP | ||
| 005 | 20220128100205.0 | ||
| 007 | ta | ||
| 008 | 110726s1944 dr 000 0 spa d | ||
| 040 |
_aDO-SdBNP _bspa _cBNPHU |
||
| 049 | _aBNPD | ||
| 110 | 1 |
_aRepública Dominicana _9447 |
|
| 245 | 1 | 0 | _aInforme que la honorable Congreso Nacional presenta a la Cámara de Cuentas de la República presenta al Congreso Nacional correspondiente al año 1944. |
| 260 |
_aCiudad Trujillo, República Dominicana : _bImp. La Opinión, _c1944. |
||
| 300 |
_a77 p. ; _c24 cm. |
||
| 942 |
_2ddc _cLF2 |
||
| 999 |
_c32298 _d32298 |
||